Test culture générale- 26 - Statistiques

Statistiques générales
  • Ce quiz a été pris 1 914 fois
  • Le résultat moyen est 3 sur 10
Statistiques - réponses
Questions Réponses % Correct
Quel animal est le colvert? Un canard
73%
Où se sont réunis Staline, Churchill et Roosevelt du 4 au 11 février 1945? À Yalta
56%
Quelle est la hauteur du Mont Blanc? 4809 mètres
52%
Qui a composé la musique du ballet « Le lac des Cygnes » Ilitch Tchaïkovski
34%
Quel film met en scène le personnage d’un fainéant sans emploi passionné de Bowling? The Big Lebowski
25%
Qui est l’auteur de « L’Idiot »? Fidor Dostoïevski
16%
Quelle est la plus grande peur de Harry Potter? La peur elle-même
14%
Quel terme a pour définition « qui s’ajoute inutilement (à quelque chose d’utile) » et qui a pour synonyme superflu? Superfétatoire
6%
Quel fleuve traverse le Liban, la Syrie et la Turquie? L’Oronte
3%
À qui attribue-t-on l’expression « ventre affamé n’a point d’oreilles »? À Caton l’Ancien
1%
Aucun quiz correspondant
Distribution des résultats
% des personnes avec chaque résultat
Percentile par nombre de réponses
Votre historique - résultats
Vous n’avez pas pris ce quiz